[Event "HZ Chess Tournament 2022"]
[Site "Vlissingen, Netherlands"]
[Date "2022.08.11"]
[Round "7.30"]
[White "Tabak, Stefan"]
[Black "Oosting, Robert"]
[Result "1-0"]
[WhiteElo "2166"]
[BlackElo "1949"]
[PlyCount "101"]

1. e4 c5 2. Nf3 d6 3. b4 cxb4 4. d4 e6 5. Bd3 Nc6 6. O-O d5 7. e5 Nge7 8. a3
Nf5 9. axb4 Nxb4 10. Be2 Bd7 11. c3 Nc6 12. Na3 a6 13. Bd3 Be7 14. Kh1 h5 15.
Nc2 Rc8 16. c4 Nh6 17. c5 Nf5 18. Bd2 Nfxd4 19. Ncxd4 Bxc5 20. Nxc6 Bxc6 21.
Ng5 Qe7 22. Qf3 Bb5 23. Bxb5+ axb5 24. Qe2 Kf8 25. Qxb5 f6 26. Nf3 h4 27. h3
Kf7 28. Ra4 b6 29. Qe2 Qd7 30. Rf4 f5 31. Rxh4 Rxh4 32. Nxh4 g6 33. Rb1 Ra8 34.
Bg5 Qa4 35. Nf3 Qa6 36. Qd2 Qa5 37. Qb2 Qa2 38. Qb5 Qa4 39. Qe2 Qa2 40. Qb5 Qa4
41. Qb2 Qa2 42. Be3 Qxb2 43. Rxb2 Ra7 44. Rb5 Rc7 45. g3 Ke7 46. Kg2 Kd7 47.
Kf1 Kc6 48. Rb1 Ra7 49. Nd4+ Kd7 50. Nb3 Bxe3 51. fxe3 1-0

[Event "HZ Chess Tournament 2022"]
[Site "Vlissingen, Netherlands"]
[Date "2022.08.11"]
[Round "7.31"]
[White "Bui, Bao Anh Le"]
[Black "Haak, Eelco"]
[Result "1/2-1/2"]
[WhiteElo "2159"]
[BlackElo "1933"]
[PlyCount "38"]

1. e4 e6 2. d4 d5 3. Nc3 Bb4 4. e5 c5 5. a3 Bxc3+ 6. bxc3 Ne7 7. h4 Qa5 8. Bd2
Nbc6 9. h5 Bd7 10. h6 gxh6 11. a4 O-O-O 12. Rh3 Qc7 13. Bxh6 cxd4 14. cxd4 Nf5
15. Be3 f6 16. f4 Rdg8 17. Kf2 h5 18. Nf3 Rg4 19. Nh2 Rgg8 1/2-1/2

[Event "HZ Chess Tournament 2022"]
[Site "Vlissingen, Netherlands"]
[Date "2022.08.11"]
[Round "7.32"]
[White "Cordes, Hans-Joerg"]
[Black "Van Dijkhuizen, Robbert"]
[Result "1-0"]
[WhiteElo "2154"]
[BlackElo "1869"]
[PlyCount "81"]

1. d4 Nf6 2. Nc3 d5 3. Bf4 c6 4. e3 Bf5 5. f3 e6 6. g4 Bg6 7. h4 h6 8. Bd3 Bxd3
9. cxd3 Bd6 10. Nge2 Bxf4 11. Nxf4 Nbd7 12. Kf2 e5 13. dxe5 Nxe5 14. g5 Nfd7
15. d4 Ng6 16. Nxg6 fxg6 17. Qd3 Nf8 18. f4 Qd6 19. Rag1 O-O-O 20. h5 hxg5 21.
Rxg5 Rxh5 22. Rhxh5 gxh5 23. Rxg7 Qf6 24. Rg5 Ne6 25. Qf5 Qe7 26. Rxh5 Rf8 27.
Rh7 Qh4+ 28. Rxh4 Rxf5 29. Rh6 Kd7 30. Rh7+ Kc8 31. Re7 Nc7 32. Ne2 Kd8 33. Rh7
Rf6 34. Ng3 b6 35. Kf3 c5 36. f5 cxd4 37. exd4 Nb5 38. Kf4 Rf8 39. Ke5 Nc7 40.
Nh5 a5 41. Nf4 1-0

[Event "HZ Chess Tournament 2022"]
[Site "Vlissingen, Netherlands"]
[Date "2022.08.11"]
[Round "7.33"]
[White "Van der Hagen, Loek"]
[Black "Verheij, Dana"]
[Result "1-0"]
[WhiteElo "2135"]
[BlackElo "1850"]
[PlyCount "67"]

1. d4 f5 2. Nf3 Nf6 3. g3 g6 4. Bg2 Bg7 5. c4 O-O 6. b4 d6 7. Bb2 c6 8. O-O Nh5
9. Qb3 h6 10. Rd1 Kh7 11. Nc3 Qc7 12. d5 e5 13. dxe6 Bxe6 14. Nd4 Bg8 15. b5 a6
16. a4 cxb5 17. axb5 Bxc4 18. Qa4 Nd7 19. Rac1 Nb6 20. Qc2 Qd7 21. Nb3 Qf7 22.
Na5 axb5 23. Rxd6 Nc8 24. Nxc4 Qxc4 25. Rd7 f4 26. Bd5 Qc5 27. Bxb7 fxg3 28.
Ne4 gxf2+ 29. Kf1 Qxc2 30. Rxc2 Rb8 31. Bxg7 Nxg7 32. Rcc7 b4 33. Rxg7+ Kh8 34.
Rh7+ 1-0

[Event "HZ Chess Tournament 2022"]
[Site "Vlissingen, Netherlands"]
[Date "2022.08.11"]
[Round "7.34"]
[White "Verweij, David"]
[Black "Krause, Thomas"]
[Result "0-1"]
[WhiteElo "1815"]
[BlackElo "2129"]
[PlyCount "60"]

1. Nf3 g6 2. g3 Bg7 3. Bg2 c5 4. d3 Nc6 5. O-O d6 6. c3 e5 7. Nbd2 Nge7 8. e4
O-O 9. a3 a5 10. a4 h6 11. Nh4 g5 12. Nhf3 f5 13. Qb3+ Kh8 14. exf5 Bxf5 15.
Ne1 d5 16. Qb5 b6 17. Ndf3 Nb4 18. d4 c4 19. cxb4 Bd7 20. Nxe5 Bxb5 21. axb5
axb4 22. Rxa8 Qxa8 23. Nxc4 Qc8 24. Bxg5 hxg5 25. Nxb6 Qb7 26. Nc4 Qxb5 27. Ne5
Bxe5 28. dxe5 d4 29. Nf3 Rxf3 30. Bxf3 Qxe5 0-1

[Event "HZ Chess Tournament 2022"]
[Site "Vlissingen, Netherlands"]
[Date "2022.08.11"]
[Round "7.35"]
[White "Sai Kiran Y"]
[Black "Koffeman, Timo"]
[Result "1/2-1/2"]
[WhiteElo "1879"]
[BlackElo "2119"]
[PlyCount "75"]

1. d4 Nf6 2. Nf3 e6 3. Bf4 b6 4. e3 Bb7 5. Bd3 c5 6. Nbd2 Nc6 7. c3 Be7 8. e4
cxd4 9. cxd4 Nb4 10. Bb1 d5 11. e5 Ne4 12. a3 Nxd2 13. Nxd2 Nc6 14. Qg4 Nxd4
15. Qxg7 Kd7 16. Be3 Rc8 17. Bxh7 Rxh7 18. Qxh7 Nc2+ 19. Ke2 Ba6+ 20. Kf3 Qc7
21. Rac1 Qxe5 22. g3 Bb7 23. Rxc2 d4+ 24. Ke2 Bxh1 25. Rxc8 dxe3 26. Qh8 Qxh8
27. Rxh8 exd2 28. Kxd2 Bf6 29. Rf8 Ke7 30. Rc8 Be5 31. f4 Bb7 32. Rc2 Bd6 33.
h4 e5 34. Ke3 e4 35. b4 a5 36. h5 axb4 37. axb4 Kf6 38. Rb2 1/2-1/2

[Event "HZ Chess Tournament 2022"]
[Site "Vlissingen, Netherlands"]
[Date "2022.08.11"]
[Round "7.36"]
[White "Zwirs, Jasper"]
[Black "Minnema, Rens"]
[Result "1-0"]
[WhiteElo "2105"]
[BlackElo "1797"]
[PlyCount "45"]

1. e4 d6 2. d4 g6 3. Nc3 Bg7 4. f4 a6 5. Nf3 b5 6. Bd3 c5 7. dxc5 dxc5 8. e5
Nh6 9. Be3 Nd7 10. Ng5 Bb7 11. O-O e6 12. Be4 Bxe4 13. Ncxe4 Bf8 14. Qf3 Rc8
15. Rad1 Be7 16. g4 Qc7 17. Qh3 Ng8 18. Nd6+ Bxd6 19. Rxd6 h6 20. Rfd1 Nb6 21.
f5 exf5 22. gxf5 gxf5 23. e6 1-0

[Event "HZ Chess Tournament 2022"]
[Site "Vlissingen, Netherlands"]
[Date "2022.08.11"]
[Round "7.37"]
[White "Van der Zalm, Marnix"]
[Black "Arnold, Rhys"]
[Result "1-0"]
[WhiteElo "2088"]
[BlackElo "1777"]
[PlyCount "85"]

1. d4 d5 2. Nf3 Nf6 3. g3 c6 4. Bg2 Bf5 5. c4 e6 6. Nc3 h6 7. O-O Be7 8. Ne5
Nbd7 9. cxd5 exd5 10. Bf4 Nxe5 11. dxe5 Nd7 12. e4 dxe4 13. Nxe4 Bxe4 14. Bxe4
Bg5 15. e6 fxe6 16. Bg6+ Kf8 17. Bd6+ Be7 18. Re1 Bxd6 19. Qxd6+ Qe7 20. Qxe6
Qxe6 21. Rxe6 Nf6 22. Rae1 h5 23. f4 Rh6 24. f5 h4 25. Re7 hxg3 26. hxg3 Rxg6
27. fxg6 b6 28. Rf7+ Kg8 29. Ree7 Ne8 30. Rxa7 Rd8 31. Rad7 Ra8 32. a3 b5 33.
Kf2 Rc8 34. b4 Ra8 35. Ra7 Rc8 36. Rae7 Ra8 37. Ke2 Rd8 38. Ke3 Ra8 39. Kd4
Rd8+ 40. Kc5 Rc8 41. Rd7 Nf6 42. Rc7 Ra8 43. Kxc6 1-0

[Event "HZ Chess Tournament 2022"]
[Site "Vlissingen, Netherlands"]
[Date "2022.08.11"]
[Round "7.38"]
[White "Manshanden, Nick"]
[Black "Adithya A Chullikkad"]
[Result "1-0"]
[WhiteElo "2065"]
[BlackElo "1696"]
[PlyCount "54"]

1. d4 Nf6 2. c4 g6 3. Nc3 Bg7 4. e4 d6 5. Nf3 O-O 6. Be2 e5 7. Be3 Nc6 8. d5
Ne7 9. Nd2 Nd7 10. O-O f5 11. f3 f4 12. Bf2 g5 13. b4 Rf6 14. c5 Rh6 15. Re1 a6
16. Nc4 Qe8 17. h3 Qh5 18. Bf1 Ng6 19. cxd6 b5 20. dxc7 bxc4 21. d6 Nf6 22. Nd5
Nd7 23. Ne7+ Nxe7 24. dxe7 Bb7 25. Qxd7 Re8 26. Bxc4+ Kh8 27. Rad1 Bf6 1-0

[Event "HZ Chess Tournament 2022"]
[Site "Vlissingen, Netherlands"]
[Date "2022.08.11"]
[Round "7.39"]
[White "Boeren, Jurriaan"]
[Black "Coenen, Eduard"]
[Result "1-0"]
[WhiteElo "1840"]
[BlackElo "2063"]
[PlyCount "71"]

1. e4 g6 2. d4 Bg7 3. Nc3 a6 4. Be3 d6 5. Qd2 Nd7 6. a4 b6 7. Nf3 Bb7 8. Bd3 h6
9. O-O e6 10. Rfe1 Ne7 11. Rad1 g5 12. h3 Ng6 13. Ne2 Nf6 14. Ng3 g4 15. hxg4
Nxg4 16. Nh5 Bf8 17. Nf4 Rg8 18. Nxg6 Rxg6 19. Qe2 Rg8 20. e5 Qd7 21. Bf4 dxe5
22. dxe5 Qxa4 23. Bg3 Bc5 24. c3 Nxf2 25. Bxf2 Rxg2+ 26. Kxg2 Qg4+ 27. Bg3 h5
28. Be4 c6 29. Qd2 Kf8 30. Qg5 Be7 31. Qxg4 hxg4 32. Nd4 Rc8 33. Rh1 Kg8 34.
Rh7 Bf8 35. Rdh1 Bg7 36. R7h4 1-0

[Event "HZ Chess Tournament 2022"]
[Site "Vlissingen, Netherlands"]
[Date "2022.08.11"]
[Round "7.40"]
[White "Reichardt, Robin"]
[Black "Manshanden, Dennis"]
[Result "0-1"]
[WhiteElo "2054"]
[BlackElo "1666"]
[PlyCount "86"]

1. d4 d5 2. Nf3 Nf6 3. c4 c6 4. e3 e6 5. b3 Ne4 6. Bd3 Bb4+ 7. Nbd2 Nd7 8. O-O
f5 9. a3 Bd6 10. Bb2 Qf6 11. g3 g5 12. Ne1 h5 13. f4 h4 14. Bxe4 fxe4 15. Qg4
gxf4 16. exf4 Nf8 17. Ng2 Qg6 18. Ne3 hxg3 19. Qxg6+ Nxg6 20. hxg3 Rh3 21. Kg2
Nxf4+ 22. Rxf4 Bxf4 23. Kxh3 Bxe3 24. Nf1 e5+ 25. Kh4 Bxd4 26. Bxd4 exd4 27.
cxd5 cxd5 28. Rd1 d3 29. Ne3 Be6 30. Kg5 Ke7 31. Kf4 Kd6 32. g4 Rf8+ 33. Nf5+
Bxf5 34. gxf5 Re8 35. f6 Ke6 36. Ke3 Kxf6 37. Kd4 Rd8 38. Rf1+ Ke6 39. Rh1 Rd7
40. b4 Kf5 41. a4 Kf4 42. a5 Kf3 43. Rh2 Rg7 0-1

[Event "HZ Chess Tournament 2022"]
[Site "Vlissingen, Netherlands"]
[Date "2022.08.11"]
[Round "7.42"]
[White "Groen, Jari"]
[Black "Boulahfa, Hicham"]
[Result "1-0"]
[WhiteElo "1800"]
[BlackElo "2032"]
[PlyCount "135"]

1. e4 c5 2. Nf3 e6 3. d4 cxd4 4. Nxd4 a6 5. c4 Nf6 6. Nc3 Nc6 7. Nxc6 bxc6 8.
e5 Ng8 9. Qg4 f6 10. Bd3 Qa5 11. Bxh7 Qxe5+ 12. Be3 Ne7 13. Bg6+ Kd8 14. O-O-O
Nxg6 15. Qxg6 Qh5 16. Qe4 Bc5 17. Qxc6 Bxe3+ 18. fxe3 Rb8 19. Qxe6 Qc5 20. Qd5
Qxe3+ 21. Kc2 Qb6 22. b3 Re8 23. Rd2 Qc7 24. Rhd1 Qxh2 25. Qf7 Qh7+ 26. Kb2 Re7
27. Qf8+ Re8 28. Qf7 Re7 29. Qf8+ Re8 30. Qd6 Rb7 31. Na4 Qf5 32. Nc5 Rc7 33.
Nxa6 Bxa6 34. Qxa6 Qe5+ 35. Kb1 Qe4+ 36. Kc1 Qe3 37. Qa8+ Ke7 38. Qd5 Rec8 39.
Qd4 Qg5 40. Kb2 Qe5 41. Kc3 Qa5+ 42. Kd3 Rc6 43. Ke2 R8c7 44. Qd5 Qc3 45. Kf2
Re6 46. Re2 Rxe2+ 47. Kxe2 Qg3 48. Qf3 Qg6 49. Kf2 Rc6 50. Qd5 Qe8 51. Re1+ Re6
52. Qc5+ Kd8 53. Qa5+ Ke7 54. Rxe6+ dxe6 55. Qc7+ Kf8 56. Qd6+ Kf7 57. a4 e5
58. a5 Qh8 59. Qd5+ Kg6 60. Qe4+ Kf7 61. a6 Qh6 62. Qd5+ Kg6 63. a7 Qf4+ 64.
Ke2 e4 65. a8=Q Qg4+ 66. Ke3 Qg3+ 67. Kxe4 Qe1+ 68. Kd4 1-0

[Event "HZ Chess Tournament 2022"]
[Site "Vlissingen, Netherlands"]
[Date "2022.08.11"]
[Round "7.43"]
[White "Smaling, Eric"]
[Black "Lammens, Tim"]
[Result "0-1"]
[WhiteElo "1926"]
[BlackElo "2255"]
[PlyCount "134"]

1. d4 Nf6 2. c4 e6 3. Nf3 d5 4. Nc3 dxc4 5. Bg5 a6 6. a4 Nc6 7. e3 Na5 8. Ne5
c5 9. Nxc4 Nxc4 10. Bxc4 cxd4 11. Qxd4 Qxd4 12. exd4 Bd7 13. Bb3 Bb4 14. Bxf6
gxf6 15. f3 Bc6 16. Kf2 O-O-O 17. Rhd1 Ba5 18. Rd3 Bb6 19. Rad1 e5 20. Ne2 Rd6
21. Kf1 Rhd8 22. d5 Bd7 23. Ng3 f5 24. Rc3+ Kb8 25. Bc2 f4 26. Ne4 Rh6 27. h3
Bd4 28. Rc4 Rg8 29. Nf2 f5 30. Rcxd4 exd4 31. Rxd4 Rc8 32. Bb3 Rc1+ 33. Bd1 Rb6
34. Ke1 Kc7 35. Rxf4 Ra1 36. Nd3 Rg6 37. g4 fxg4 38. fxg4 Kd6 39. Rf7 Bxa4 40.
Nf2 Bxd1 41. Nxd1 Rg5 42. Ke2 Rxd5 43. Nc3 Re5+ 44. Kf2 Re7 45. Rf6+ Ke5 46.
Rb6 Kd4 47. Rd6+ Kc4 48. g5 Rh1 49. Kg2 Rc1 50. Rb6 Ra1 51. h4 Kc5 52. Rf6 b5
53. Rf5+ Kc4 54. Rf4+ Kb3 55. Nd5 Rg7 56. Rb4+ Kc2 57. Ne3+ Kc1 58. b3 Kb2 59.
Nf5 Rd7 60. Rd4 Rxd4 61. Nxd4 Re1 62. Kf3 Kc3 63. Nf5 Kxb3 64. h5 Re8 65. Kf4
b4 66. Ng7 Rf8+ 67. Ke5 Kc3 0-1

[Event "HZ Chess Tournament 2022"]
[Site "Vlissingen, Netherlands"]
[Date "2022.08.11"]
[Round "7.44"]
[White "Lefebvre, Herve"]
[Black "Morssink, Pieter Jan"]
[Result "1-0"]
[WhiteElo "2212"]
[BlackElo "1920"]
[PlyCount "81"]

1. d4 e6 2. Nf3 b6 3. e4 Bb7 4. Bd3 Nf6 5. Qe2 d6 6. O-O Nbd7 7. Bg5 h6 8. Bh4
Be7 9. Nbd2 Nh5 10. Bg3 Nxg3 11. hxg3 e5 12. c3 O-O 13. a4 a5 14. Nc4 Bf6 15.
d5 g6 16. b4 Ba6 17. Nfd2 Bxc4 18. Nxc4 Bg7 19. Rfb1 Qg5 20. bxa5 bxa5 21. Rb5
Nc5 22. Bc2 f5 23. Rxa5 f4 24. Rxa8 Rxa8 25. g4 h5 26. gxh5 Rf8 27. Qf3 gxh5
28. a5 Ra8 29. Qh3 Qg6 30. Qf3 Qe8 31. Rb1 Qg6 32. Qe2 h4 33. Kh2 Kf7 34. Ra1
Bf6 35. Nd2 Rb8 36. a6 Nxa6 37. Rxa6 Rg8 38. Qf1 h3 39. gxh3 Bh4 40. Nf3 Bg3+
41. fxg3 1-0

[Event "HZ Chess Tournament 2022"]
[Site "Vlissingen, Netherlands"]
[Date "2022.08.11"]
[Round "7.45"]
[White "Van Gemert, Rogier"]
[Black "Weber, Dirk"]
[Result "0-1"]
[WhiteElo "1918"]
[BlackElo "2208"]
[PlyCount "76"]

1. Nf3 Nf6 2. d4 c5 3. dxc5 Na6 4. c4 Nxc5 5. Nc3 d6 6. g3 Bf5 7. Bg2 h6 8. O-O
Qc8 9. b3 Bh3 10. Bb2 Bxg2 11. Kxg2 e6 12. Re1 Be7 13. e4 O-O 14. Qe2 a6 15.
Rac1 Rd8 16. h3 b6 17. Rcd1 Qb7 18. Kh2 b5 19. b4 Ncd7 20. cxb5 axb5 21. Nd4 d5
22. e5 Ne4 23. Nxe4 dxe4 24. Qxe4 Qxe4 25. Rxe4 Nb6 26. Rb1 Rxa2 27. Nxb5 Rd2
28. Bd4 Nd5 29. Nd6 f5 30. exf6 Bxd6 31. fxg7 e5 32. Bxe5 Rxf2+ 33. Kh1 Bxe5
34. Rxe5 Nf6 35. b5 Rh2+ 36. Kg1 Rxh3 37. b6 Rxg3+ 38. Kf1 Ng4 0-1

[Event "HZ Chess Tournament 2022"]
[Site "Vlissingen, Netherlands"]
[Date "2022.08.11"]
[Round "7.46"]
[White "Molenaar, Toine"]
[Black "Matsumura, Cocoro"]
[Result "1/2-1/2"]
[WhiteElo "1823"]
[BlackElo "2148"]
[PlyCount "73"]

1. d4 Nf6 2. Nf3 d5 3. g3 e6 4. Bg2 Be7 5. c4 O-O 6. O-O dxc4 7. Qc2 a6 8. Qxc4
b5 9. Qc2 Bb7 10. Bd2 Be4 11. Qc1 c6 12. Rd1 Nbd7 13. Nc3 Bg6 14. Bg5 Nd5 15.
Bxe7 Qxe7 16. Nh4 Bh5 17. Qd2 N7b6 18. Nxd5 cxd5 19. b3 Rac8 20. Rdc1 Qa3 21.
Bf3 Bxf3 22. Nxf3 a5 23. Ne5 a4 24. Nc6 Ra8 25. Qb4 Qxb4 26. Nxb4 Rfc8 27. Kf1
Kf8 28. Ke1 Ke7 29. Kd2 Kd6 30. Rxc8 Rxc8 31. Rc1 axb3 32. Rxc8 Nxc8 33. axb3
f6 34. Kc3 Ne7 35. e3 e5 36. Nd3 Nc6 37. Nb4 1/2-1/2

[Event "HZ Chess Tournament 2022"]
[Site "Vlissingen, Netherlands"]
[Date "2022.08.11"]
[Round "7.47"]
[White "Dougherty, Michael"]
[Black "Westerweele, Henrik"]
[Result "1-0"]
[WhiteElo "2071"]
[BlackElo "1919"]
[PlyCount "53"]

1. g3 e6 2. Bg2 d5 3. c4 Nf6 4. Nf3 Be7 5. O-O O-O 6. b3 c5 7. e3 Nc6 8. d4 b6
9. Bb2 Bb7 10. cxd5 exd5 11. Nc3 Re8 12. Ne5 Rc8 13. Rc1 Bf8 14. Nxc6 Bxc6 15.
Ne2 Ne4 16. Nf4 Bb5 17. Re1 c4 18. f3 Nf6 19. Qd2 Qd6 20. e4 dxe4 21. fxe4 Qb4
22. Bc3 Qe7 23. b4 Red8 24. e5 Ne8 25. d5 Bc6 26. h4 Qb7 27. dxc6 1-0

[Event "HZ Chess Tournament 2022"]
[Site "Vlissingen, Netherlands"]
[Date "2022.08.11"]
[Round "7.48"]
[White "Brokaar, Joey"]
[Black "Klein, Jorik"]
[Result "1-0"]
[WhiteElo "2068"]
[BlackElo "1918"]
[PlyCount "101"]

1. d4 Nf6 2. Bf4 g6 3. Nc3 Bg7 4. e4 d6 5. Qd2 O-O 6. O-O-O c6 7. Bh6 Qa5 8.
Bxg7 Kxg7 9. Kb1 b5 10. f3 Be6 11. d5 cxd5 12. exd5 b4 13. dxe6 bxc3 14. Qxc3
Qxc3 15. bxc3 fxe6 16. Bc4 d5 17. Bb5 Nbd7 18. Bxd7 Nxd7 19. Ne2 Nc5 20. Rhe1
Na4 21. Rd4 Rab8+ 22. Ka1 Nb6 23. Nf4 Rfc8 24. Nxe6+ Kg8 25. Rd3 Na4 26. Rb1
Rxb1+ 27. Kxb1 Nxc3+ 28. Kb2 Na4+ 29. Kb3 Nb6 30. Nf4 Rc5 31. Re3 Kf7 32. Ne6
Rb5+ 33. Kc3 Ra5 34. Ng5+ Kg8 35. Kd4 Rxa2 36. Rxe7 Rxc2 37. Rxa7 Rxg2 38. Nxh7
Rxh2 39. Nf6+ Kf8 40. Rb7 Nc8 41. Nh7+ Kg8 42. Nf6+ Kf8 43. Kxd5 Ne7+ 44. Ke6
Re2+ 45. Ne4 Nc6 46. Kf6 Re3 47. Rf7+ Kg8 48. Ng5 Ne5 49. Rg7+ Kf8 50. Ne6+ Ke8
51. Re7# 1-0

[Event "HZ Chess Tournament 2022"]
[Site "Vlissingen, Netherlands"]
[Date "2022.08.11"]
[Round "7.49"]
[White "Hari Charan Sai Kalluri"]
[Black "Bleeker, Kasper"]
[Result "0-1"]
[WhiteElo "2059"]
[BlackElo "1823"]
[PlyCount "90"]

1. d4 f5 2. Nf3 Nf6 3. c4 g6 4. Nc3 Bg7 5. g3 O-O 6. Bg2 d6 7. O-O c6 8. a4 Na6
9. Re1 Ne4 10. Nxe4 fxe4 11. Ng5 d5 12. Be3 h6 13. Nh3 Bf5 14. f3 exf3 15. exf3
Nb4 16. g4 Bd3 17. Qd2 a5 18. c5 Kh7 19. Nf4 Rxf4 20. Bxf4 Bxd4+ 21. Kh1 Bxc5
22. Re6 Qf8 23. Rae1 Re8 24. h4 Qf7 25. h5 g5 26. Bc7 b6 27. f4 Rg8 28. f5 Rg7
29. Be5 Bxf5 30. gxf5 Qxh5+ 31. Bh2 g4 32. Rg6 Bd6 33. Bf1 g3 34. Ree6 Rxg6 35.
fxg6+ Kg8 36. Qg2 Qxh2+ 37. Qxh2 gxh2 38. b3 Kg7 39. Be2 d4 40. Bh5 Nd5 41. Bf3
d3 42. Re1 d2 43. Rd1 Bf4 44. Bh5 e5 45. Ra1 e4 0-1

[Event "HZ Chess Tournament 2022"]
[Site "Vlissingen, Netherlands"]
[Date "2022.08.11"]
[Round "7.50"]
[White "Riksen, John"]
[Black "Leentjens, Gilbert"]
[Result "1/2-1/2"]
[WhiteElo "2014"]
[BlackElo "1810"]
[PlyCount "120"]

1. Nf3 Nf6 2. d4 g6 3. c4 Bg7 4. Nc3 d5 5. e3 O-O 6. h3 c5 7. Be2 cxd4 8. exd4
dxc4 9. Bxc4 Nc6 10. O-O b6 11. a3 Bb7 12. Be3 Rc8 13. Qe2 e6 14. Ba6 Bxa6 15.
Qxa6 Nd5 16. Nxd5 Qxd5 17. Rac1 Rc7 18. Bf4 Rd7 19. Ne5 Nxe5 20. dxe5 Bxe5 21.
Bxe5 Qxe5 22. b4 Kg7 23. Rfe1 Qf6 24. Re2 Rfd8 25. Rce1 Rd2 26. Rxd2 Rxd2 27.
Rf1 Rd7 28. Qc8 Qd4 29. Qc1 Rd5 30. Re1 h5 31. Qc7 Rf5 32. Qc2 Rd5 33. Qc7 Rd7
34. Qc1 a6 35. Qc8 a5 36. bxa5 bxa5 37. Rb1 Qd3 38. Rb8 Qd1+ 39. Kh2 Qd6+ 40.
g3 Kf6 41. Qh8+ Kf5 42. Rb5+ e5 43. Qa8 Qxa3 44. Rxa5 Qd3 45. Ra3 Rd8 46. Qa7
Rd7 47. Qc5 Qd5 48. Qc2+ Ke6 49. h4 Ke7 50. Qc1 Qd6 51. Ra5 f6 52. Ra2 Qe6 53.
Qc5+ Qd6 54. Qe3 Qe6 55. Ra8 Qc6 56. Qa3+ Qd6 57. Qe3 Qd4 58. Qa3+ Qd6 59. Qa1
Qd4 60. Qa3+ Qd6 1/2-1/2

[Event "HZ Chess Tournament 2022"]
[Site "Vlissingen, Netherlands"]
[Date "2022.08.11"]
[Round "7.51"]
[White "Ackermann, Frank"]
[Black "Lucas, Fred"]
[Result "1-0"]
[WhiteElo "2012"]
[BlackElo "1806"]
[PlyCount "75"]

1. e4 c5 2. Nf3 Nc6 3. d4 cxd4 4. Nxd4 e5 5. Nb5 d6 6. N1c3 a6 7. Na3 Be7 8.
Nd5 Nf6 9. Nxe7 Nxe7 10. Bd3 d5 11. exd5 Qxd5 12. O-O e4 13. Bc4 Qxd1 14. Rxd1
O-O 15. Bg5 Nc6 16. Rd6 Ne8 17. Rd2 Nc7 18. Bf4 Ne6 19. Bd6 Rd8 20. Rad1 b5 21.
Bb3 Na5 22. Bd5 Bb7 23. Bxe6 fxe6 24. Bc7 Rxd2 25. Rxd2 Nc4 26. Nxc4 bxc4 27.
Rd7 Bc6 28. Re7 Rc8 29. Be5 Rd8 30. Kf1 Rd1+ 31. Ke2 Rc1 32. Kd2 Rf1 33. Rxg7+
Kf8 34. Rc7 Bd5 35. Bd4 Rg1 36. g3 h5 37. Rh7 e3+ 38. Kxe3 1-0

[Event "HZ Chess Tournament 2022"]
[Site "Vlissingen, Netherlands"]
[Date "2022.08.11"]
[Round "7.52"]
[White "Nellen, Marcel"]
[Black "De Wolf, Johan"]
[Result "1/2-1/2"]
[WhiteElo "1808"]
[BlackElo "2010"]
[PlyCount "57"]

1. Nf3 d5 2. d4 Nf6 3. g3 e6 4. Bg2 Be7 5. O-O O-O 6. c4 c6 7. b3 b6 8. cxd5
exd5 9. Bb2 Nbd7 10. Nc3 Bb7 11. Re1 Re8 12. e4 dxe4 13. Ng5 Bb4 14. Ngxe4 Nxe4
15. Rxe4 Nf6 16. Re3 Rxe3 17. fxe3 Qe7 18. Qf3 Re8 19. e4 Bxc3 20. Bxc3 Qxe4
21. Re1 Qxf3 22. Rxe8+ Nxe8 23. Bxf3 Nc7 24. b4 f6 25. a4 a6 26. Kf2 Kf7 27. h4
Ke6 28. Bd2 Nd5 29. Be4 1/2-1/2